[Event "OP-2012-0-02002"]
[Site "LSS email"]
[Date "2012.01.28"]
[Round "?"]
[White "Rakus, Klaus Dieter"]
[Black "Mazur, Adam"]
[Result "1-0"]
[WhiteElo "1620"]
[BlackElo "924"]
[PlyCount "29"]
[EventDate "2012.01.11"]
[EventType "tourn (corr)"]
[EventRounds "4"]
[EventCountry "GER"]
[SourceTitle "Corr 2015"]
[Source "ChessBase"]
[SourceDate "2015.07.17"]
[SourceVersion "1"]
[SourceVersionDate "2015.07.17"]
[SourceQuality "1"]

1. e4 e5 2. Nf3 Nc6 3. Bc4 Nf6 4. Nc3 Bc5 5. d3 0-0 6. Bg5 h6 7. Bxf6 Qxf6 8. Nd5 Qd6 9. 0-0 a6 10. Nh4 b5 11. b4 Bxb4 12. Nf5 Qc5 13. Nf6+ gxf6 14. Qg4+ Kh7 15. Qg7# 1-0

[Event "OP-2012-0-02002"]
[Site "LSS email"]
[Date "2012.01.15"]
[Round "?"]
[White "Mazur, Adam"]
[Black "Belter, Edmund"]
[Result "0-1"]
[WhiteElo "924"]
[BlackElo "1394"]
[PlyCount "72"]
[EventDate "2012.01.11"]
[EventType "tourn (corr)"]
[EventRounds "4"]
[EventCountry "GER"]
[SourceTitle "Corr 2015"]
[Source "ChessBase"]
[SourceDate "2015.07.17"]
[SourceVersion "1"]
[SourceVersionDate "2015.07.17"]
[SourceQuality "1"]

1. e4 c5 2. Nc3 Nc6 3. Nf3 g6 4. Bc4 Bg7 5. 0-0 d6 6. d3 Nf6 7. Bg5 h6 8. Bxf6 Bxf6 9. Bb5 0-0 10. Bxc6 bxc6 11. Re1 e5 12. h3 Bg7 13. a4 f5 14. exf5 Bxf5 15. b3 e4 16. dxe4 Bxc3 17. exf5 Bxe1 18. Qxe1 Rxf5 19. Qe6+ Kg7 20. Re1 Qc7 21. Nh4 Rf6 22. Qe7+ Qxe7 23. Rxe7+ Rf7 24. Re6 g5 25. Nf3 Rd8 26. h4 g4 27. Nh2 h5 28. Kf1 c4 29. bxc4 Rf4 30. Re7+ Kf6 31. Rxa7 Rxc4 32. f3 g3 33. Ng4+ hxg4 34. h5 Rxc2 35. a5 Re8 36. fxg4 Rc1# 0-1

[Event "OP-2011-0-01904"]
[Site "LSS email"]
[Date "2011.11.26"]
[Round "?"]
[White "Mazur, Adam"]
[Black "Janicki, Michael"]
[Result "0-1"]
[WhiteElo "945"]
[BlackElo "1310"]
[PlyCount "80"]
[EventDate "2011.11.23"]
[EventType "tourn (corr)"]
[EventRounds "4"]
[EventCountry "GER"]
[SourceTitle "Telechess CBM 155"]
[Source "ChessBase"]
[SourceDate "2013.07.16"]
[SourceVersion "1"]
[SourceVersionDate "2013.07.16"]
[SourceQuality "1"]

1. e4 d6 2. Nc3 Nf6 3. Nf3 g6 4. Bc4 Bg7 5. 0-0 0-0 6. d4 Bg4 7. h3 Bxf3 8. Qxf3 Nc6 9. Bg5 Nxd4 10. Qd3 Nd7 11. Be3 e5 12. Bxd4 exd4 13. Nd5 Nc5 14. Qf3 Re8 15. Rfe1 c6 16. Nf4 b5 17. Bd3 Qe7 18. b4 Nxd3 19. cxd3 a5 20. a3 Qf6 21. Ne2 Qxf3 22. gxf3 axb4 23. axb4 c5 24. bxc5 dxc5 25. Nf4 c4 26. dxc4 bxc4 27. Nd5 Rxa1 28. Rxa1 c3 29. Nc7 d3 30. Nd5 c2 31. Ne3 Bxa1 32. Kf1 c1Q+ 33. Kg2 d2 34. f4 d1Q 35. Nxd1 Qxd1 36. f5 Rxe4 37. fxg6 hxg6 38. f3 Qe2+ 39. Kg3 Qe1+ 40. Kg2 Re2# 0-1

[Event "OP-2011-0-01838"]
[Site "LSS email"]
[Date "2011.10.26"]
[Round "?"]
[White "Guaimare Rodriguez, Carlos Luis"]
[Black "Mazur, Adam"]
[Result "1-0"]
[WhiteElo "1130"]
[BlackElo "1200"]
[PlyCount "35"]
[EventDate "2011.10.22"]
[EventType "tourn (corr)"]
[EventRounds "4"]
[EventCountry "GER"]
[SourceTitle "Telechess CBM 151"]
[Source "ChessBase"]
[SourceDate "2012.11.13"]
[SourceVersion "1"]
[SourceVersionDate "2012.11.13"]
[SourceQuality "1"]

1. d4 d5 2. c4 Nf6 3. cxd5 Nxd5 4. e4 Nf6 5. Nc3 e6 6. Nf3 Nc6 7. Bb5 a6 8. Ba4 b5 9. Bc2 Bb4 10. 0-0 Bxc3 11. bxc3 0-0 12. e5 Nd5 13. Qd3 Re8 14. Qxh7+ Kf8 15. Ba3+ b4 16. cxb4 Nc3 17. b5+ Ne7 18. Qh8# 1-0

[Event "OP-2011-0-01838"]
[Site "LSS email"]
[Date "2011.10.26"]
[Round "?"]
[White "Lauer, Fredric"]
[Black "Mazur, Adam"]
[Result "1-0"]
[WhiteElo "1038"]
[BlackElo "1200"]
[PlyCount "49"]
[EventDate "2011.10.22"]
[EventType "tourn (corr)"]
[EventRounds "4"]
[EventCountry "GER"]
[SourceTitle "Telechess CBM 151"]
[Source "ChessBase"]
[SourceDate "2012.11.13"]
[SourceVersion "1"]
[SourceVersionDate "2012.11.13"]
[SourceQuality "1"]

1. e4 e5 2. Nf3 Nc6 3. Bb5 Nf6 4. 0-0 Bc5 5. Nxe5 Nxe5 6. d4 a6 7. dxe5 axb5 8. exf6 Qxf6 9. e5 Qe6 10. Nc3 b4 11. Nd5 Bb6 12. Nxb4 Qxe5 13. Re1 d6 14. Rxe5+ Be6 15. Re1 0-0 16. Be3 Rfe8 17. Bxb6 cxb6 18. Qxd6 Rad8 19. Qxb6 Bd5 20. Rxe8+ Rxe8 21. Nxd5 g6 22. Nf6+ Kg7 23. Nxe8+ Kh8 24. Qf6+ Kg8 25. Qg7# 1-0

[Event "OP-2011-0-01838"]
[Site "LSS email"]
[Date "2011.10.26"]
[Round "?"]
[White "Mazur, Adam"]
[Black "Reede, Arvo"]
[Result "0-1"]
[WhiteElo "1200"]
[BlackElo "1686"]
[PlyCount "70"]
[EventDate "2011.10.22"]
[EventType "tourn (corr)"]
[EventRounds "4"]
[EventCountry "GER"]
[SourceTitle "Telechess CBM 151"]
[Source "ChessBase"]
[SourceDate "2012.11.13"]
[SourceVersion "1"]
[SourceVersionDate "2012.11.13"]
[SourceQuality "1"]

1. e4 c5 2. Nf3 e6 3. Nc3 Nc6 4. Bc4 Nf6 5. 0-0 d5 6. exd5 exd5 7. Re1+ Be7 8. Bb5 0-0 9. Bxc6 bxc6 10. d4 cxd4 11. Nxd4 Bd7 12. Bf4 Re8 13. Bg5 Qb8 14. b3 Ng4 15. Nf3 Bxg5 16. g3 Qb6 17. Qd4 Bf6 18. Rxe8+ Rxe8 19. Qxb6 axb6 20. Re1 Rxe1+ 21. Nxe1 Bxc3 22. Nd3 Bf5 23. f3 Bxd3 24. fxg4 Bxc2 25. Kf2 d4 26. Ke2 f5 27. gxf5 Bxf5 28. Kf3 d3 29. g4 Bxg4+ 30. Kxg4 d2 31. a4 d1Q+ 32. Kf5 Qf3+ 33. Ke6 Qd5+ 34. Ke7 Bf6+ 35. Ke8 Qd8# 0-1